Historické události-Evropa : Datová příručka /
Guardado en:
| Autor principal: | |
|---|---|
| Formato: | Libro |
| Lenguaje: | checo |
| Publicado: |
Praha :
Mladá fronta,
1977
|
| Materias: | |
| Etiquetas: |
Sin Etiquetas, Sea el primero en etiquetar este registro!
|
MARC
| LEADER | 00000nam a22000003a 4500 | ||
|---|---|---|---|
| 001 | stu36985 | ||
| 005 | 20150617225702.0 | ||
| 008 | 920625s1977----cs------------------cze-d | ||
| 040 | |a STU |b slo | ||
| 041 | 0 | |a cze | |
| 044 | |a cs | ||
| 080 | |a 940(035) | ||
| 100 | 1 | |a Hroch, Miroslav |4 aut | |
| 245 | 1 | |a Historické události-Evropa : |b Datová příručka / |c [aut.]Miroslav Hroch | |
| 260 | |a Praha : |b Mladá fronta, |c 1977 | ||
| 300 | |a 347 s | ||
| 650 | 7 | |a encyklopédie |2 stusub | |
| 650 | 7 | |a Európa |2 stusub | |
| 996 | |b 284M051095 |c M*2227-1 |l MMKN |s A |a 24 |w stu36985_0001 | ||
| 996 | |b 284M035773 |c M*2227-2 |l MMKN |s A |a 24 |w stu36985_0002 | ||